| 000 | 00947cam a2200277 a 4500 | ||
|---|---|---|---|
| 001 | 17584807 | ||
| 003 | EG-ScBUE | ||
| 005 | 20220822120007.0 | ||
| 008 | 130109s2014 nyua f b 001 0 eng d | ||
| 020 | _a9780415621847 (pbk) | ||
| 040 |
_aDLC _beng _erda _cDLC _dDLC _dEG-ScBUE |
||
| 082 | 0 | 4 |
_a720.28076 _bMIY _222 |
| 100 | 1 |
_aMiyasaka, Taiji, _eauthor. _937746 |
|
| 245 | 1 | 0 |
_aSeeing and making in architecture : _bdesign exercises / _cTaiji Miyasaka. |
| 264 | 1 |
_aNew York ; _aLondon : _bRoutledge, _c2014. |
|
| 300 |
_aix, 166 pages : _bcolor illustrations ; _c19 cm |
||
| 336 |
_2rdacontent _atext _btxt |
||
| 337 |
_2rdamedia _aunmediated _bn |
||
| 338 |
_2rdacarrier _avolume _bnc |
||
| 504 | _aIncludes bibliographical references and index. | ||
| 650 | 7 |
_aArchitectural design _vProblems, exercises, etc. _2BUEsh _937747 |
|
| 651 | _2BUEsh | ||
| 653 |
_bENGARC _cApril2015 |
||
| 655 |
_vReading book _934232 |
||
| 942 |
_2ddc _k720.28076 MIY _cBB |
||
| 999 |
_c19226 _d19198 |
||